Soạn thảo ngân hàng đề thi tự luận các học phần phương pháp giảng dạy tiếng việt thực hành, lý thuyết hội thoại cho hai ngành sư phạm giáo dục tiểu học và sư phạm giáo dục mầm non.

Tallennettuna:
Bibliografiset tiedot
Päätekijä: Bùi Thị Thanh (Chủ nhiệm đề tài)
Aineistotyyppi: Kirja
Julkaistu: 2011
Tagit: Lisää tagi
Ei tageja, Lisää ensimmäinen tagi!
Thư viện lưu trữ: Mạng thư viện Đại học Đà Nẵng
LEADER 00898nam a2200229 4500
001 000021423
003 17871
005 20150420140445.0
008 150420s2011 sd
100 1 |a Bùi Thị Thanh  |e Chủ nhiệm đề tài 
245 1 0 |a Soạn thảo ngân hàng đề thi tự luận các học phần phương pháp giảng dạy tiếng việt thực hành, lý thuyết hội thoại cho hai ngành sư phạm giáo dục tiểu học và sư phạm giáo dục mầm non.  |c Bùi Thị Thanh 
260 |c 2011 
500 |a Đề tài NCKH cấp Trường Đại học Sư Phạm Đà Nẵng . Mã số : T2011-03-29 
OWN |a LSP 
999 |a From the UDN01 
TYP |a Mixed Materials 
TYP |a Monograph 
TYP |a Printed language 
980 |a Mạng thư viện Đại học Đà Nẵng